al-Rīḥānī wa-muʻāṣirūh, (Record no. 49592)
[ view plain ]
| 000 -LEADER | |
|---|---|
| fixed length control field | 00920cam a22002651 4500 |
| 001 - CONTROL NUMBER | |
| control field | ne 67000926 |
| 003 - CONTROL NUMBER IDENTIFIER | |
| control field | DLC |
| 005 - DATE AND TIME OF LATEST TRANSACTION | |
| control field | 20260227111832.0 |
| 008 - FIXED-LENGTH DATA ELEMENTS--GENERAL INFORMATION | |
| fixed length control field | 850225s1966 le h b 000 0 arax |
| 010 ## - LIBRARY OF CONGRESS CONTROL NUMBER | |
| LC control number | ne 67000926 |
| 025 ## - OVERSEAS ACQUISITION NUMBER | |
| Overseas acquisition number | PL480: VAR-7477 |
| 035 ## - SYSTEM CONTROL NUMBER | |
| System control number | (OCoLC)13885470 |
| 040 ## - CATALOGING SOURCE | |
| Original cataloging agency | DLC |
| Transcribing agency | NN |
| Modifying agency | DLC |
| 042 ## - AUTHENTICATION CODE | |
| Authentication code | premarc |
| 050 00 - LIBRARY OF CONGRESS CALL NUMBER | |
| Classification number | PJ7860.I45 |
| Item number | Z54 |
| 100 1# - MAIN ENTRY--PERSONAL NAME | |
| Personal name | Rīḥānī, Albirt. |
| 245 13 - TITLE STATEMENT | |
| Title | al-Rīḥānī wa-muʻāṣirūh, |
| Remainder of title | rasāʼil al-udabāʼ ilayhi. Jamaʻahā wa-ḥ aqqaqahā wa-qaddama lahā Albirt al-Rīḥānī. |
| 260 ## - PUBLICATION, DISTRIBUTION, ETC. | |
| Place of publication, distribution, etc. | [Bayrūt] |
| Name of publisher, distributor, etc. | Dār al-Rīḥānī lil-Ṭibāʻah wa-al-Nashr |
| Date of publication, distribution, etc. | [1966] |
| 300 ## - PHYSICAL DESCRIPTION | |
| Extent | 378 p. |
| Other physical details | facsims. |
| Dimensions | 21 cm. |
| 500 ## - GENERAL NOTE | |
| General note | In Arabic. |
| 500 ## - GENERAL NOTE | |
| General note | "Bi-munāsabat murūr rubʻ qarn ʻalá ghurūb Faylasūf al-Firaykah." |
| 504 ## - BIBLIOGRAPHY, ETC. NOTE | |
| Bibliography, etc. note | Bibliographical footnotes. |
| 650 #0 - SUBJECT ADDED ENTRY--TOPICAL TERM | |
| Topical term or geographic name entry element | Authors, Arab |
| General subdivision | Correspondence. |
| 700 1# - ADDED ENTRY--PERSONAL NAME | |
| Personal name | Rihani, Ameen Fares, |
| Dates associated with a name | 1876-1940. |
No items available.